| 000 | 00372nam a22001217a 4500 | ||
|---|---|---|---|
| 008 | 230620b xxu||||| |||| 00| 0 eng d | ||
| 082 |
_a305.42 _bUN 1997 |
||
| 245 |
_aThe Work of CEDAW _bReports on the Committee on the Elimination of Discrimination Against Women (CEDAW) |
||
| 260 |
_aNew York _bUnited Nations _c1997 |
||
| 300 | _aXVI,143p | ||
| 440 | _vIV | ||
| 942 |
_2ddc _cBK |
||
| 999 |
_c1511 _d1511 |
||